000 00601nam a22002297a 4500
003 UA-OsUOA
001 64189
007 ta
008 20091102b un ||||| |||| 00| 0 ukr d
100 _aБикчурин Ш.
090 _a821.161.1
_bБ60
942 _cBK
040 _aUA-OsUOA
_brus
_cUA-OsUOA
_dUA-OsUOA
245 _aТвердая порода
_bРоман
300 _a240 с.
955 _a3
041 _arus
080 _a821.161.1
260 _aМ
_bСовременник
_c1978
650 7 _a82 Література. Літературознавство
_2UDC
999 _c350214
_d350214